00576 2200205 4500001002100000008004100021035002000062245008000082100002900162260003700191300002100228020001800249084001600267082001000283650002100293990001400314990001400328990001400342990001400356INLIS000000000000076 ind  a0010-0525000057 aManajemen Bisnis PelabuhancRaja Oloan Saut Gurning; Eko Hariyadi Budiyanto aGurning, Raja Oloan Saut aJakarta :bAPE Publishing,c2007 a198 hlm.c22 cm. a4512345678906 a387.1 GUR m a387.1 aManajemen Bisnis a000000075 a000000397 a000000398 a000000399